Statistics for Canadian Provinces and Territories:Largest to Smallest

Click here to take the quiz!

General Stats

  • This quiz has been taken 123 times
    (102 since last reset)
  • The average score is 12 of 13

Answer Stats

Hint Answer % Correct
2,093,190Nunavut
93%
1,542,056Quebec
93%
55,284Nova Scotia
92%
1,076,395Ontario
90%
647,797Manitoba
90%
72,908New Brunswick
90%
5,660Prince Edward Island
90%
944,735British Columbia
89%
661,848Alberta
89%
651,036Saskatchewan
89%
482,443Yukon
89%
405,212Newfoundland and Labrador
89%
1,346,106Northwest Territories
85%

Score Distribution

Percentile by Number Answered

Percent of People with Each Score

Your Score History

You have not taken this quiz since the last reset